000 00295nam a22001337a 4500
008 170613b xxu||||| |||| 00| 0 eng d
020 _a0830411011
041 _aeng
080 _a327
100 _a19
101 _aSHP
245 _aINTERNATIONAL RELATIONS
_cFARNSWORTH, D.N
942 _2udc
_cBK
999 _c17087
_d17087